Tái sinh kim loại màu và hợp kim
Gorde:
| Egile nagusia: | |
|---|---|
| Formatua: | Liburua |
| Hizkuntza: | Undetermined |
| Argitaratua: |
Hà Nội
KHKT
1981
|
| Gaiak: | |
| Etiketak: |
Etiketa erantsi
Etiketarik gabe, Izan zaitez lehena erregistro honi etiketa jartzen!
|
| Thư viện lưu trữ: | Trung tâm Học liệu Trường Đại học Cần Thơ |
|---|
| LEADER | 00544nam a2200181Ia 4500 | ||
|---|---|---|---|
| 001 | CTU_11473 | ||
| 008 | 210402s9999 xx 000 0 und d | ||
| 082 | |a 669.028 | ||
| 082 | |b Ch556 | ||
| 100 | |a Đỗ, Văn Chừng | ||
| 245 | 0 | |a Tái sinh kim loại màu và hợp kim | |
| 245 | 0 | |c Đỗ Văn Chừng, Trương Quang Kủng | |
| 260 | |a Hà Nội | ||
| 260 | |b KHKT | ||
| 260 | |c 1981 | ||
| 650 | |a nonferrous metals - metallurgy | ||
| 904 | |i Minh, 961023 | ||
| 980 | |a Trung tâm Học liệu Trường Đại học Cần Thơ | ||